000 00798nam a2200217 i 4500
001 47304
003 ES-MaACL
005 20241012063105.0
007 t|
008 030407s1982 sp ||||1| spa d
100 1 _aCopernicus, Nicolaus,
_d1473-1543
_9160781
245 1 0 _aSobre las revoluciones
_b: (de los orbes celestes) /
_cNicolás Copérnico ; edición preparada por Carlos Mínguez y Mercedes Testal.
260 _aMadrid :
_bEditora Nacional,
_c[1982]
300 _a551 p. :
_bil. ;
_c21 cm.
490 1 _aClásicos para una biblioteca contemporánea
700 1 _aMínguez, Carlos.
_981344
700 1 _aTestal, Mercedes.
_9109832
830 0 _aClásicos para una biblioteca contemporánea
_9181899
852 _aES-MaACL
_jL-4506
_bR.105149
999 _c47304
_d47304